Types of First-Level Subdivisions of the World - Statistics

General Stats
  • This quiz has been taken 348 times
    335 since last reset
  • The average score is 202 of 341
Answer Stats
Country Number Type % Correct
Afghanistan 34 Province
95%
Algeria 58 Province
95%
Angola 18 Province
95%
Argentina 23 Province
95%
Burundi 18 Province
95%
Cambodia 24 Province
95%
Canada 10 Province
95%
Chad 23 Province
95%
China 22(+1) Province
95%
Costa Rica 7 Province
95%
Cuba 15 Province
95%
Democratic Republic of the Congo 25 Province
95%
Dominican Republic 31 Province
95%
Ecuador 24 Province
95%
Equatorial Guinea 8 Province
95%
Gabon 9 Province
95%
Indonesia 35 Province
95%
Iran 31 Province
95%
Laos 17 Province
95%
Mongolia 21 Province
95%
Mozambique 10 Province
95%
Nepal 7 Province
95%
Netherlands 12 Province
95%
North Korea 9 Province
95%
Pakistan 4 Province
95%
Panama 10 Province
95%
Papua New Guinea 20 Province
95%
Peru 1 Province
95%
Rwanda 4 Province
95%
Sierra Leone 4 Province
95%
Solomon Islands 9 Province
95%
South Africa 9 Province
95%
South Korea 6(+5) Province
95%
Sri Lanka 9 Province
95%
Taiwan (2+33) (Province)
95%
Thailand 76 Province
95%
Turkey 81 Province
95%
United Kingdom 1 Province
95%
Vanuatu 6 Province
95%
Vietnam 27 Province
95%
Zambia 10 Province
95%
Zimbabwe 10 Province
95%
Australia 6 State
89%
Austria 9 State
89%
Brazil 26 State
89%
Federated States of Micronesia 4 State
89%
India 28 State
89%
Malaysia 13 State
89%
Mexico 31 State
89%
Myanmar 7 State
89%
Nigeria 36 State
89%
Palau 16 State
89%
Saint Kitts and Nevis 2 State
89%
Somalia 4(+2) State
89%
South Sudan 10 State
89%
Sudan 18 State
89%
United States 50 State
89%
Venezuela 23(+1) State
89%
Singapore 5 District
84%
Argentina 1 City
82%
Armenia 1 City
82%
Belarus 1 City
82%
Botswana 2 City
82%
Croatia 1 City
82%
Democratic Republic of the Congo 1 City
82%
Djibouti 1 City
82%
Gambia 1 City
82%
Georgia 1 City
82%
Kazakhstan 4 City
82%
Kyrgyzstan 2 City
82%
Latvia 7 City
82%
Maldives 4 City
82%
Moldova 3 City
82%
Mozambique 1 City
82%
North Macedonia 1 City
82%
Russia 2(+1) City
82%
Rwanda 1 City
82%
Serbia 1 City
82%
Taiwan 3 City
82%
Trinidad and Tobago 2 City
82%
Turkmenistan 1 City
82%
Uganda 1 City
82%
Ukraine 1(+1) City
82%
Uzbekistan 1 City
82%
France 13 Metropolitan Region
78%
Armenia 10(+6) Region
78%
Belgium 3 Region
78%
Burkina Faso 17 Region
78%
Cameroon 10 Region
78%
Chile 16 Region
78%
Czech Republic 13 Region
78%
Denmark 5 Region
78%
Djibouti 5 Region
78%
Eritrea 6 Region
78%
Eswatini 4 Region
78%
Finland 19 Region
78%
Georgia 9 Region
78%
Ghana 16 Region
78%
Guinea-Bissau 8 Region
78%
Guyana 10 Region
78%
Iraq 1 Region
78%
Italy 15 Region
78%
Kazakhstan 17 Region
78%
Kyrgyzstan 7 Region
78%
Madagascar 23 Region
78%
Malawi 3 Region
78%
Mali 10 Region
78%
Malta 6 Region
78%
Mauritania 15 Region
78%
Morocco 10(+2) Region
78%
Myanmar 7 Region
78%
Namibia 14 Region
78%
New Zealand 16 Region
78%
Niger 7 Region
78%
Peru 25 Region
78%
Philippines 17 Region
78%
Saudi Arabia 13 Region
78%
Slovakia 8 Region
78%
Somalia 1 Region
78%
Tajikistan 2 Region
78%
Tanzania 31 Region
78%
Togo 5 Region
78%
Trinidad and Tobago 9 Region
78%
Turkmenistan 5 Region
78%
Uzbekistan 12 Region
78%
Albania 12 County
76%
Croatia 20 County
76%
Estonia 15 County
76%
Hungary 19 County
76%
Ireland 26 County
76%
Kenya 47 County
76%
Liberia 15 County
76%
Lithuania 10 County
76%
Norway 11 County
76%
Sweden 21 County
76%
Taiwan 13 County
76%
Bahamas 31 District
76%
Belize 6 District
76%
Bhutan 20 District
76%
Botswana 10 District
76%
Brunei 4 District
76%
Cook Islands 5 District
76%
Cyprus 5(+1) District
76%
Dominican Republic 1 District
76%
Israel 6(+1) District
76%
Ivory Coast 12 District
76%
Kosovo 7 District
76%
Lesotho 10 District
76%
Mali 1 District
76%
Mauritius 9 District
76%
Moldova 32 District
76%
Nauru 14 District
76%
Papua New Guinea 1 District
76%
Portugal 18 District
76%
Saint Lucia 10 District
76%
Samoa 11 District
76%
São Tomé and Príncipe 6 District
76%
Serbia 17 District
76%
Seychelles 27 District
76%
Suriname 10 District
76%
Tajikistan 1 District
76%
Uganda 135 District
76%
United States 1 District
76%
Norway 1 Arctic Region
75%
Bulgaria 28 District
75%
Bahamas 1 Island
75%
Comoros 3 Island
75%
Tuvalu 8 Island Council
75%
Paraguay 1 Capital
73%
Czech Republic 1 Capital City
73%
Hungary 1 Capital City
73%
Mongolia 1 Capital City
73%
North Korea 1 Capital City
73%
Nigeria 1 Capital Territory
73%
Australia 3 Territory
73%
Canada 3 Territory
73%
France 3 Territory
73%
Taiwan (2) (Territory)
73%
Seychelles 1 Islands
71%
New Zealand 1 Dependent territory
65%
Denmark 2 Country
64%
Netherlands 3 Country
64%
United Kingdom 3 Country
64%
Belarus 6 Oblast
62%
Russia 46(+2) Oblast
62%
Ukraine 23(+1) Oblast
62%
Luxembourg 12 Canton
56%
Switzerland 26 Canton
56%
Benin 12 Department
55%
Bolivia 9 Department
55%
Colombia 32 Department
55%
El Salvador 14 Department
55%
Guatemala 22 Department
55%
Haiti 10 Department
55%
Honduras 18 Department
55%
Nicaragua 15 Department
55%
Paraguay 17 Department
55%
Republic of the Congo 12 Department
55%
Romania 41 Department
55%
Uruguay 19 Department
55%
Russia 21(+2) Republic
53%
Uzbekistan 1 Republic
53%
Brazil 1 Federal District
49%
Andorra 7 Parish
47%
Antigua and Barbuda 6 Parish
47%
Barbados 11 Parish
47%
Dominica 10 Parish
47%
Grenada 6 Parish
47%
Jamaica 14 Parish
47%
Saint Vincent and the Grenadines 6 Parish
47%
China 5 Autonomous Region
45%
Nicaragua 2 Autonomous Region
45%
Papua New Guinea 1 Autonomous Region
45%
Philippines (1) Autonomous Region
45%
Portugal 2 Autonomous Region
45%
São Tomé and Príncipe 1 Autonomous Region
45%
Tajikistan 1 Autonomous Region
45%
Laos 1 Prefecture
45%
Japan 1 Metropolitan Prefecture
45%
Azerbaijan 11 Municipality
45%
Cape Verde 22 Municipality
45%
China 4 Municipality
45%
East Timor 12 Municipality
45%
Iceland 61 Municipality
45%
Latvia 36 Municipality
45%
Marshall Islands 24 Municipality
45%
Montenegro 25 Municipality
45%
North Macedonia 80 Municipality
45%
Peru 1 Municipality
45%
Qatar 8 Municipality
45%
Romania 1 Municipality
45%
San Marino 9 Municipality
45%
Taiwan 6(+12) Municipality
45%
Vatican City 1 Municipality
45%
Vietnam 7 Municipality
45%
Yemen (1) Municipality
45%
Central African Republic 14 Prefecture
45%
Japan 43 Prefecture
45%
Japan 1 Regional Prefecture
45%
Japan 2 Urban Prefecture
45%
United Kingdom 3 Crown Dependency
42%
United Arab Emirates 7 Emirate
42%
Australia 3 Overseas Territory
42%
United Kingdom 11 Overseas Territory
42%
Botswana 4 Town
38%
Tuvalu 1 Town Council
38%
Antigua and Barbuda 2 Dependency
36%
Fiji 1 Dependency
36%
Grenada 1 Dependency
36%
Mauritius 3 Dependency
36%
Colombia 1 Capital District
35%
Indonesia 1 Capital District
35%
Venezuela 1 Capital District
35%
Bangladesh 8 Division
33%
Fiji 4 Division
33%
Gambia 5 Division
33%
Myanmar 1 Division
33%
Tonga 5 Division
33%
Bahrain 4 Governorate
33%
Egypt 27 Governorate
33%
Guinea 1 Governorate
33%
Iraq 15 Governorate
33%
Jordan 12 Governorate
33%
Kuwait 6 Governorate
33%
Lebanon 8 Governorate
33%
Oman 11 Governorate
33%
Palestine 11(+5) Governorate
33%
Syria 14(+1) Governorate
33%
Tunisia 24 Governorate
33%
Yemen 14(+7) Governorate
33%
Niue 14 Village
33%
Sierra Leone 1 Area
31%
South Sudan 2 Area
31%
Russia 4 Autonomous Okrug
29%
Azerbaijan 1 Autonomous Republic
29%
Georgia 1(+1) Autonomous Republic
29%
Russia (1) Autonomous Republic
29%
Ukraine (1) Autonomous Republic
29%
Pakistan 1 Federal Capital Territory
29%
Germany 16 Land
29%
China 2 Special Administrative Region
27%
East Timor 1 Special Administrative Region
27%
Taiwan (1) (Special Administrative Region)
27%
Indonesia 1 Special Region
27%
Spain 17 Autonomous Community
25%
Russia 1 Autonomous Oblast
25%
Russia 9 Krai
25%
France 5 Overseas Region
25%
Maldives 17 Administrative Atoll
24%
Spain 2 Autonomous City
24%
Thailand 1 Special Administrative City
24%
North Korea 1 Special City
24%
South Korea 1 Special City
24%
South Korea 1 Special Self-Governing City
24%
Trinidad and Tobago 3 Borough
22%
Greece 7 Administrative Region
20%
Guinea 7 Administrative Region
20%
Central African Republic 1 Commune
20%
Liechtenstein 11 Commune
20%
Myanmar 5 Zone
20%
Ethiopia 2 Administration
18%
Trinidad and Tobago 1 Ward
18%
Bosnia and Herzegovina 2 Entity
18%
Malaysia 3 Federal Territory
18%
France 2 Overseas Collectivity
18%
South Korea 3 Special Self-Governing Province
18%
Botswana 1 Township
18%
Solomon Islands 1 Capital Territory
16%
Tajikistan 1 Capital Territory
16%
Cook Islands 10 Council
16%
Monaco 17 Quarter
16%
Indonesia 1 Special Autonomous Province
16%
India 8 Union Territory
16%
Myanmar 1 Union Territory
16%
Ivory Coast 2 Autonomous District
15%
Serbia 1(+1) Autonomous Province
15%
Azerbaijan 66 Rayon
15%
Bosnia and Herzegovina 1 Special District
15%
Moldova (1) Territorial Unit
15%
Slovenia 58 Unit
15%
France 1 Special Collectivity
13%
Cuba 1 Special Municipality
13%
Netherlands 3 Special Municipality
13%
Poland 16 Voivodship
13%
United States 5 Outlying Area
11%
Guinea-Bissau 1 Autonomous Sector
9%
Cambodia 1 Autonomous Municipality
7%
Central African Republic 2 Economic Prefecture
7%
Mexico 1 Federal Entity
7%
Thailand 1 Metropolitan Administration
7%
South Korea 6 Metropolitan City
7%
Libya 22 Popularate
7%
Greece 1 Self-governed Part
7%
Panama 4 Indigenous Region
5%
North Korea 2 Metropolitan City
5%
Ethiopia 12 Regional State
5%
Pakistan 2 Administrative Territory
4%
New Zealand 1 Special Island Authority
4%
Moldova 1 Autonomous Territorial Unit
2%
Venezuela 1 Federal Dependency
2%
Niger 1 Urban Community
2%
No matching quizzes found
Score Distribution
Percent of People with Each Score
Percentile by Number Answered
Your Score History
You have not taken this quiz since the last reset